[Event "BCF-chT2a 0809 (4NCL)"]
[Site "Hinckley Island"]
[Date "2008.10.05"]
[Round "2.8"]
[White "Thilaganathan, Jessica"]
[Black "Gallagher, Marie"]
[Result "1-0"]
[WhiteElo "1891"]
[BlackElo "1825"]
[PlyCount "69"]
[EventDate "2008.10.04"]
[EventType "team-tourn"]
[EventRounds "7"]
[EventCountry "ENG"]
[SourceTitle "EXT 2010"]
[Source "ChessBase"]
[SourceDate "2010.11.25"]
[SourceVersion "1"]
[SourceVersionDate "2010.11.25"]
[SourceQuality "1"]
[WhiteTeam "Wessex II"]
[BlackTeam "Pandoras Box"]
[WhiteTeamCountry "ENG"]
[BlackTeamCountry "ENG"]

1. d4 d5 2. c4 Nf6 3. Nc3 e6 4. Bg5 Be7 5. Nf3 c6 6. e3 0-0 7. Qc2 Na6 8. a3 Nc7 9. Bd3 dxc4 10. Bxc4 Ncd5 11. e4 Nxc3 12. bxc3 b5 13. Bd3 h6 14. Bf4 Bb7 15. 0-0 c5 16. Qe2 c4 17. Bb1 Qa5 18. Rc1 Rfd8 19. Nd2 Qb6 20. Qd1 Qc6 21. f3 Qb6 22. a4 a6 23. Qc2 Nh7 24. Qb2 Qc6 25. Qc2 Rd7 26. Be3 Nf8 27. Ba2 e5 28. d5 Qg6 29. Rab1 Bc8 30. axb5 Rd6 31. Nxc4 Rf6 32. b6 Bh3 33. Nxe5 Qh5 34. f4 Bd6 35. Qd1 1-0

[Event "BCF-chT3 0708 (4NCL)"]
[Site "Sunningdale"]
[Date "2008.05.03"]
[Round "9.8"]
[White "Gallagher, Marie"]
[Black "Martin, Katie"]
[Result "1/2-1/2"]
[WhiteElo "1730"]
[BlackElo "1906"]
[PlyCount "55"]
[EventDate "2007.09.15"]
[EventType "team-tourn"]
[EventRounds "11"]
[EventCountry "ENG"]
[SourceTitle "EXT 2023"]
[Source "ChessBase"]
[SourceDate "2022.10.05"]
[SourceVersion "1"]
[SourceVersionDate "2022.10.05"]
[SourceQuality "1"]
[WhiteTeam "Pandoras Box"]
[BlackTeam "Slough Sharks II"]
[WhiteTeamCountry "ENG"]
[BlackTeamCountry "ENG"]

1. e4 e5 2. f4 exf4 3. Nf3 Be7 4. Bc4 Nf6 5. e5 Ng4 6. 0-0 Nc6 7. d4 d5 8. exd6 Qxd6 9. Nc3 Na5 10. Nb5 Qd8 11. Bxf4 Nxc4 12. Nxc7+ Kf8 13. Nxa8 Nce3 14. Qe2 Nxf1 15. Rxf1 Bd6 16. Qe4 Qe7 17. Bxd6 Qxd6 18. c4 f5 19. Qe2 f4 20. c5 Qe6 21. Qxe6 Bxe6 22. Ng5 Bxa2 23. Rxf4+ Nf6 24. Nc7 Ke7 25. Nb5 h6 26. Nf3 a6 27. Nc3 Bb3 28. Ne5 1/2-1/2

[Event "BCF-chT3 0708 (4NCL)"]
[Site "Sunningdale"]
[Date "2008.03.02"]
[Round "8.8"]
[White "Van Kemenade, Julie"]
[Black "Gallagher, Marie"]
[Result "0-1"]
[WhiteElo "1764"]
[BlackElo "1730"]
[PlyCount "70"]
[EventDate "2007.09.15"]
[EventType "team-tourn"]
[EventRounds "11"]
[EventCountry "ENG"]
[SourceTitle "EXT 2023"]
[Source "ChessBase"]
[SourceDate "2022.10.05"]
[SourceVersion "1"]
[SourceVersionDate "2022.10.05"]
[SourceQuality "1"]
[WhiteTeam "SW Dragons II"]
[BlackTeam "Pandoras Box"]
[WhiteTeamCountry "ENG"]
[BlackTeamCountry "ENG"]

1. e4 d6 2. Bc4 Nf6 3. d3 e5 4. f4 exf4 5. Bxf4 Nc6 6. a3 g6 7. Nc3 Bg7 8. Nf3 Qe7 9. Ng5 Be6 10. Nxe6 fxe6 11. 0-0 0-0-0 12. Qd2 h6 13. b4 Nd4 14. Rab1 d5 15. exd5 exd5 16. Ba2 c6 17. Rbe1 Qd7 18. Be5 Nh5 19. Bxg7 Qxg7 20. b5 Nxb5 21. Nxb5 cxb5 22. Qb4 Rd7 23. Qc5+ Kb8 24. Bxd5 Rc8 25. Qb4 Rxd5 26. Re7 a5 27. Qe1 Qd4+ 28. Kh1 b4 29. Rff7 Rb5 30. Re8 Rbc5 31. axb4 axb4 32. h3 Rxc2 33. Rff8 Qd6 34. Re6 Qxf8 35. Qe5+ R2c7 0-1